000 00473nam a2200169Ia 4500
008 210716s2012 xx 000 0 und d
020 _a9781447127321
041 _aeng
082 _a006.6 KLAF
100 _aKlawonn, Frank.
245 _aIntroduction to computer graphics: using java 2D and 3D.
_bUsing java 2D and 3D.
250 _a2
260 _aNew Delhi
_bSpringer
_c2012
300 _axvii,283
650 _aComputer Graphics(006.6)
700 _aKlawonn, Frank.
999 _c193329
_d193329